| 000 | 01056nam0a22002531 4500 | ||
|---|---|---|---|
| 001 | rc\785504 | ||
| 005 | 20250622132244.0 | ||
| 035 | _a(NLR Aleph) 006311084 | ||
| 090 |
_a7352353 _c7352353 |
||
| 100 | _a20040301d1984 |||y0rusy50 ca | ||
| 101 | 0 | _arus | |
| 102 | _aRU | ||
| 105 | _ay ||||||||| | ||
| 200 | 1 |
_aО рефератах студентов в связи с изучением политической экономии капитализма _eМетод. рекомендации |
|
| 210 |
_aРига _cЛатв. гос. ун-т _d1984 |
||
| 215 |
_a38 с. _d21 |
||
| 300 | _aВ надзаг.: М-во высш. и сред. спец. образования ЛатвССР, Латв. гос. ун-т им. Петра Стучки, Респ. (межвуз.) опор. каф. полит. экономии | ||
| 320 | _aБиблиогр.: с. 21-32 | ||
| 700 | 1 |
_aГродненский _bП.В. _gПетр Васильевич |
|
| 801 | 0 |
_aRU _bNLR _gpsbo |
|
| 801 | 1 |
_aRU _bELAR _2rusmarc |
|
| 852 |
_aNLR _j85-4/1023 |
||
| 942 | _cBOOK | ||
| 980 | _aNB | ||